[Event "2BLN 1819 Lübecker SV - SF Berlin II"]
[Site "?"]
[Date "2018.12.16"]
[Round "4.2"]
[White "Riess, Alexander"]
[Black "Blohberger, Felix"]
[Result "0-1"]
[WhiteElo "2288"]
[BlackElo "2447"]
[PlyCount "158"]
[EventDate "2018.??.??"]

1. d4 e6 2. c4 Bb4+ 3. Nd2 Nf6 4. Ngf3 O-O 5. a3 Be7 6. e4 d6 7. Bd3 a5 8. O-O
Nfd7 9. Nb1 e5 10. Nc3 exd4 11. Nxd4 Re8 12. Nf5 Bf8 13. Bc2 Nb6 14. Qg4 Bxf5
15. Qxf5 Nc6 16. Qh3 Nd4 17. Bd1 g6 18. Qd3 Bg7 19. Be3 Ne6 20. Nd5 Nc5 21. Qc2
Nxd5 22. exd5 Qh4 23. Bf3 Bd4 24. Bxd4 Qxd4 25. Rad1 Qf4 26. b4 Nd7 27. Be2
axb4 28. axb4 Ra3 29. Ra1 Rxa1 30. Rxa1 Qd4 31. Rd1 Qe5 32. Bf1 Nf6 33. g3 h5
34. Rd2 Qa1 35. Rd1 Qa3 36. Rb1 Kg7 37. Kg2 Nd7 38. Qb2+ Qxb2 39. Rxb2 Ra8 40.
Kf3 Ne5+ 41. Kg2 Ra3 42. c5 Nd3 43. c6 Ne1+ 44. Kh1 bxc6 45. dxc6 Nd3 46. Bxd3
Rxd3 47. b5 Rc3 48. Kg2 Kf6 49. h4 d5 50. Kf1 Ke5 51. b6 cxb6 52. Rxb6 Kd6 53.
c7+ Kd7 54. Rb5 Kd6 55. Rb6+ Ke5 56. Rb7 f6 57. Ke2 g5 58. hxg5 fxg5 59. c8=Q
Rxc8 60. Rh7 Rc2+ 61. Ke1 Rc1+ 62. Ke2 Rh1 63. Rg7 g4 64. Rh7 Ke4 65. Rh8 Ra1
66. Rxh5 d4 67. Rb5 d3+ 68. Kd2 Ra2+ 69. Ke1 Ra1+ 70. Kd2 Ra2+ 71. Ke1 Ra4 72.
Kd2 Kd4 73. Rb8 Ra2+ 74. Ke1 Re2+ 75. Kf1 Kc3 76. Ra8 Re4 77. Rc8+ Rc4 78. Rd8
d2 79. Rd7 Rd4 0-1

[Event "2BLN 1819 Lübecker SV - SF Berlin II"]
[Site "?"]
[Date "2018.12.16"]
[Round "4.3"]
[White "Abel, Dennes"]
[Black "Kololli, Martin"]
[Result "1/2-1/2"]
[WhiteElo "2465"]
[BlackElo "2343"]
[PlyCount "69"]
[EventDate "2018.??.??"]

1. d4 Nf6 2. c4 e6 3. Nc3 d5 4. cxd5 exd5 5. Bg5 Be7 6. e3 O-O 7. Qc2 Nbd7 8.
Bd3 Re8 9. Nf3 Nf8 10. Bh4 c6 11. Bg3 g6 12. O-O-O Ne6 13. Kb1 Ng7 14. h3 Bf5
15. Rc1 Qc8 16. Rhd1 Bxd3 17. Qxd3 Qf5 18. Qxf5 Nxf5 19. Be5 Nd7 20. Bh2 Bd6
21. Bxd6 Nxd6 22. Rc2 Kg7 23. b3 Re7 24. Kb2 Rae8 25. Ne1 Nf6 26. Nd3 Nd7 27.
Kc1 Kf6 28. Kd2 Kg7 29. Ke2 Nf5 30. Ne1 Nf6 31. Nf3 Nd7 32. Rd3 Nd6 33. Kf1 f5
34. Na4 Ne4 35. b4 {(=)} 1/2-1/2

[Event "2BLN 1819 Lübecker SV - SF Berlin II"]
[Site "?"]
[Date "2018.12.16"]
[Round "4.4"]
[White "Svane, Frederik"]
[Black "Agopov, Mikael"]
[Result "1-0"]
[WhiteElo "2316"]
[BlackElo "2450"]
[PlyCount "63"]
[EventDate "2018.??.??"]

1. e4 c5 2. Nf3 d6 3. Bb5+ Bd7 4. c4 Nc6 5. Nc3 g6 6. d4 cxd4 7. Nxd4 Bg7 8.
Be3 Nf6 9. h3 O-O 10. O-O a6 11. Bxc6 bxc6 12. c5 Qb8 13. Nde2 d5 14. exd5 Nxd5
15. Nxd5 cxd5 16. Qxd5 Be6 17. Qe4 Bxb2 18. Rad1 Qe5 19. Qa4 Rfd8 20. Qa5 Rxd1
21. Rxd1 Bc4 22. Rd8+ Rxd8 23. Qxd8+ Kg7 24. c6 Be6 25. Nd4 Bd5 26. c7 Bb7 27.
Nc6 Qf5 28. Bd4+ Bxd4 29. Qxd4+ f6 30. Qb4 Qg5 31. Qxe7+ Kg8 32. Qe3 1-0

[Event "2BLN 1819 Lübecker SV - SF Berlin II"]
[Site "?"]
[Date "2018.12.16"]
[Round "4.5"]
[White "Polzin, Rainer"]
[Black "Poghosyan, Tigran"]
[Result "1-0"]
[WhiteElo "2406"]
[BlackElo "2187"]
[PlyCount "73"]
[EventDate "2018.??.??"]

1. e4 c5 2. Nc3 a6 3. g3 b5 4. Bg2 Bb7 5. Nge2 e6 6. d4 cxd4 7. Qxd4 Nc6 8. Qe3
Nb4 9. Qd2 Bc5 10. O-O Qb6 11. Nf4 Nf6 12. a3 Nc6 13. Nd3 Be7 14. e5 Ng4 15.
Qf4 h5 16. h3 Nh6 17. Be3 Qc7 18. Bc5 Nf5 19. Rfe1 Na5 20. Bxe7 Nxe7 21. Ne4
Bxe4 22. Bxe4 Rd8 23. Qg5 Kf8 24. a4 Nc4 25. axb5 axb5 26. b3 d5 27. bxc4 dxe4
28. Nf4 h4 29. g4 bxc4 30. Rxe4 Rc8 31. Rd4 Qb7 32. Rad1 Re8 33. Rd8 Qb6 34.
Rxe8+ Kxe8 35. Qxg7 Rg8 36. Qh7 Qc6 37. Nh5 1-0

[Event "2BLN 1819 Lübecker SV - SF Berlin II"]
[Site "?"]
[Date "2018.12.16"]
[Round "4.6"]
[White "Christ, Ralf"]
[Black "Florstedt, Johannes"]
[Result "1/2-1/2"]
[WhiteElo "2268"]
[BlackElo "2312"]
[PlyCount "118"]
[EventDate "2018.??.??"]

1. Nf3 c5 2. c4 Nc6 3. d4 cxd4 4. Nxd4 Nf6 5. Nc3 e6 6. e3 Bb4 7. Bd2 O-O 8.
Be2 d5 9. cxd5 exd5 10. Nf3 d4 11. exd4 Nxd4 12. Nxd4 Qxd4 13. O-O Bg4 14. Be3
Qxd1 15. Bxd1 Rfd8 16. h3 Bxd1 17. Rfxd1 Bxc3 18. bxc3 a6 19. Rdb1 Rd7 20. a4
Rc8 21. Rb3 Nd5 22. Bd4 Nf4 23. Kf1 Ne6 24. Be3 f5 25. g3 Nc5 26. Rb4 Ne4 27.
Rab1 Rxc3 28. Rxb7 Nxg3+ 29. Kg2 Rxb7 30. Rxb7 Nh5 31. Ra7 f4 32. Bb6 f3+ 33.
Kh2 Rc6 34. Rxa6 Rg6 35. Ra8+ Kf7 36. Be3 Nf6 37. a5 Rg2+ 38. Kh1 Ne4 39. Rb8
Nxf2+ 40. Bxf2 Rxf2 41. Rb3 Ra2 42. Rxf3+ Kg6 43. Rb3 Rxa5 44. Kg2 Rg5+ 45. Kh2
Kh5 46. Rb7 h6 47. Ra7 g6 48. Ra6 Rb5 49. Ra4 Kg5 50. Rc4 Kf5 51. Kg3 Rb3+ 52.
Kg2 Ra3 53. Rc5+ Kf4 54. Rc4+ Kg5 55. Rc5+ Kh4 56. Rc4+ Kh5 57. Rc5+ g5 58. Rc6
Rb3 59. Ra6 Rb2+ 1/2-1/2

[Event "2BLN 1819 Lübecker SV - SF Berlin II"]
[Site "?"]
[Date "2018.12.16"]
[Round "4.7"]
[White "Chatzidakis, Mihail"]
[Black "Ehrke, Michael"]
[Result "1-0"]
[WhiteElo "2337"]
[BlackElo "2221"]
[PlyCount "45"]
[EventDate "2018.??.??"]

1. e4 d5 2. exd5 Qxd5 3. Nc3 Qa5 4. d4 c6 5. Nf3 Nf6 6. Bc4 Bf5 7. Bd2 e6 8.
Nd5 Qd8 9. Nxf6+ Qxf6 10. Qe2 Bg4 11. d5 Bxf3 12. gxf3 cxd5 13. Bxd5 Nd7 14.
O-O-O O-O-O 15. Be4 Qe5 16. f4 Qc7 17. f5 exf5 18. Bxf5 g6 19. Bh3 f5 20. Bg5
Bd6 21. Bxd8 Rxd8 22. Bg2 Bxh2 23. Rd4 1-0

[Event "2BLN 1819 Lübecker SV - SF Berlin II"]
[Site "?"]
[Date "2018.12.16"]
[Round "4.8"]
[White "Lampe, Dirk"]
[Black "Rudolf, Henrik"]
[Result "0-1"]
[WhiteElo "2150"]
[BlackElo "2287"]
[PlyCount "94"]
[EventDate "2018.??.??"]

1. e4 c5 2. Nf3 Nc6 3. d4 cxd4 4. Nxd4 Qc7 5. Nc3 e6 6. Be3 a6 7. Be2 Nf6 8. a3
Be7 9. f4 d6 10. g4 e5 11. Nf5 Bxf5 12. exf5 d5 13. Nxd5 Nxd5 14. Qxd5 exf4 15.
Bf2 Rd8 16. Qb3 Nd4 17. Bxd4 Rxd4 18. Bd3 Bh4+ 19. Kd1 O-O 20. Kc1 f3 21. h3
Re8 22. Kb1 f2 23. Ka2 Re1 24. Qc3 Qxc3 25. bxc3 Rd6 26. Rb1 Kf8 27. Rf1 a5 28.
a4 b6 29. Kb3 Ke7 30. c4 Kd7 31. Kc3 Kc7 32. Rd1 Rd7 33. Rb1 h6 34. Rd1 Rde7
35. Kb2 Kc6 36. c3 Kc5 37. Kc2 Rd7 38. Rb1 Rde7 39. Rb5+ Kc6 40. Rb1 R7e3 41.
Rh1 Rg3 42. Rf1 Rg1 43. Kb2 Kd6 44. Kc2 Ke5 45. Kb2 Kf6 46. Kc2 Kg5 47. Rd1 Bg3
0-1

[Event "2BLN 1819 SK Norderstedt - SV Glückauf"]
[Site "?"]
[Date "2018.12.16"]
[Round "4.1"]
[White "Kanarek, Marcel"]
[Black "Krause, Arnd"]
[Result "1/2-1/2"]
[WhiteElo "2504"]
[BlackElo "2434"]
[PlyCount "125"]
[EventDate "2018.??.??"]

1. e4 c6 2. d4 d5 3. Nc3 dxe4 4. Nxe4 Bf5 5. Ng3 Bg6 6. h4 h6 7. Nf3 Nd7 8. h5
Bh7 9. Bd3 Bxd3 10. Qxd3 e6 11. Bd2 Ngf6 12. O-O-O Be7 13. Ne4 Nxe4 14. Qxe4
Nf6 15. Qe2 Qd5 16. c4 Qe4 17. Qxe4 Nxe4 18. Be3 f5 19. Kc2 f4 20. Kd3 fxe3 21.
Kxe4 exf2 22. Rhf1 Rf8 23. Rxf2 O-O-O 24. Re2 c5 25. Red2 cxd4 26. Rxd4 Rxd4+
27. Rxd4 Bf6 28. Rd2 Kc7 29. g4 g6 30. Rg2 g5 31. Ne5 Bg7 32. Nd3 Kd6 33. c5+
Ke7 34. Rc2 Rd8 35. Rc4 Rd5 36. Ra4 Kd7 37. Rxa7 Rd4+ 38. Ke3 Kc7 39. Ra8 Rxg4
40. b4 Rc4 41. Rg8 Bd4+ 42. Kf3 e5 43. Re8 g4+ 44. Kxg4 Bxc5+ 45. Kf5 Bxb4 46.
Nxb4 Rxb4 47. Rxe5 Ra4 48. Kg6 Rxa2 49. Kxh6 Kd6 50. Rg5 Ke7 51. Kg7 Rf2 52. h6
Rf7+ 53. Kg8 Rf8+ 54. Kg7 Rf7+ 55. Kg6 Rf6+ 56. Kh5 Kf7 57. Rg7+ Kf8 58. Rg4
Rf1 59. Kg6 Kg8 60. Rc4 Rf8 61. Rc7 b5 62. Rb7 Ra8 63. Rxb5 1/2-1/2

[Event "2BLN 1819 SK Norderstedt - SV Glückauf"]
[Site "?"]
[Date "2018.12.16"]
[Round "4.2"]
[White "Parvanyan, Ashot"]
[Black "Leniart, Arkadiusz"]
[Result "1/2-1/2"]
[WhiteElo "2437"]
[BlackElo "2498"]
[PlyCount "60"]
[EventDate "2018.??.??"]

1. Nf3 d5 2. g3 Bg4 3. Bg2 Nd7 4. O-O Ngf6 5. d4 e6 6. Nbd2 c6 7. Re1 Bd6 8. e4
dxe4 9. Nxe4 Nxe4 10. Rxe4 Nf6 11. Re1 Qa5 12. h3 Bxf3 13. Bxf3 O-O-O 14. c3 h5
15. b4 Qc7 16. Bg2 h4 17. g4 Nd5 18. Qf3 Nf4 19. Bxf4 Bxf4 20. b5 g5 21. bxc6
bxc6 22. Rab1 Kd7 23. c4 Rb8 24. d5 cxd5 25. cxd5 Rxb1 26. Rxb1 Rb8 27. dxe6+
Kxe6 28. Rxb8 Qxb8 29. Qb3+ Qxb3 30. axb3 Ke5 1/2-1/2

[Event "2BLN 1819 SK Norderstedt - SV Glückauf"]
[Site "?"]
[Date "2018.12.16"]
[Round "4.3"]
[White "Steczek, Marcin"]
[Black "Ostrovskiy, Andrey"]
[Result "1-0"]
[WhiteElo "2372"]
[BlackElo "2424"]
[PlyCount "79"]
[EventDate "2018.??.??"]

1. c4 Nf6 2. Nf3 e6 3. g3 d5 4. Bg2 Be7 5. O-O O-O 6. d4 c6 7. Qc2 b6 8. Nbd2
Bb7 9. b3 Na6 10. Bb2 Rc8 11. Rac1 c5 12. cxd5 Nxd5 13. Qb1 b5 14. Qa1 Nf6 15.
Rfd1 Qb6 16. a3 Bd5 17. dxc5 Nxc5 18. b4 Nb3 19. Nxb3 Bxb3 20. Bd4 Qa6 21. Rxc8
Rxc8 22. Rc1 Bc4 23. Ne5 Bd5 24. Bxd5 Nxd5 25. e4 Nf6 26. f3 h5 27. Kg2 Bd8 28.
Rc3 Qb7 29. Qe1 Rxc3 30. Qxc3 Qc7 31. Qc6 a6 32. Qa8 Kh7 33. Nxf7 Qxf7 34. Qxd8
e5 35. Bb2 Qa2 36. Qd2 Qe6 37. Qg5 Qb3 38. Qxe5 Qc2+ 39. Kh3 Kg6 40. Qf5+ 1-0

[Event "2BLN 1819 SK Norderstedt - SV Glückauf"]
[Site "?"]
[Date "2018.12.16"]
[Round "4.4"]
[White "Kopylov, Michael"]
[Black "Janaszak, Dawid"]
[Result "0-1"]
[WhiteElo "2422"]
[BlackElo "2349"]
[PlyCount "79"]
[EventDate "2018.??.??"]

1. d4 Nf6 2. c4 g6 3. Nc3 d5 4. cxd5 Nxd5 5. e4 Nxc3 6. bxc3 Bg7 7. Bc4 c5 8.
Ne2 Nc6 9. Be3 O-O 10. O-O Qc7 11. Rc1 b6 12. dxc5 Ne5 13. Bd5 Rb8 14. cxb6
axb6 15. Bf4 Ba6 16. Re1 e6 17. Bb3 Rfd8 18. Nd4 Rbc8 19. Qd2 Qc5 20. Bxe5 Bxe5
21. Red1 Rd6 22. f4 Bg7 23. e5 Rd7 24. h4 Rdc7 25. Kh2 Qe7 26. Qe1 b5 27. Nxe6
fxe6 28. Rd6 Rc6 29. Rcd1 Kh8 30. Bxe6 R8c7 31. Qg3 Bc8 32. Bxc8 Rxc8 33. Rd7
Qf8 34. h5 Bh6 35. R1d4 Rxc3 36. Qh4 g5 37. Qg4 gxf4 38. e6 Re8 39. Rf7 Qg8 40.
Rdxf4 {(Zeit)} 0-1

[Event "2BLN 1819 SK Norderstedt - SV Glückauf"]
[Site "?"]
[Date "2018.12.16"]
[Round "4.5"]
[White "Sroczynski, Maciej"]
[Black "Kahlert, Thomas"]
[Result "1/2-1/2"]
[WhiteElo "2317"]
[BlackElo "2203"]
[PlyCount "33"]
[EventDate "2018.??.??"]

1. d4 Nf6 2. c4 d6 3. Nc3 e5 4. g3 exd4 5. Qxd4 Nc6 6. Qd1 Be6 7. Nd5 Ne5 8.
Bh3 c6 9. Bxe6 fxe6 10. Nf4 Qd7 11. b3 Be7 12. Bb2 Nf7 13. Qc2 e5 14. Ng2 Qe6
15. O-O-O O-O 16. e4 Rfd8 17. Ne3 {(=)} 1/2-1/2

[Event "2BLN 1819 SK Norderstedt - SV Glückauf"]
[Site "?"]
[Date "2018.12.16"]
[Round "4.6"]
[White "Hagenstein, Frank"]
[Black "Dudzinski, Piotr"]
[Result "1/2-1/2"]
[WhiteElo "2266"]
[BlackElo "2329"]
[PlyCount "108"]
[EventDate "2018.??.??"]

1. d4 d5 2. c4 c6 3. Nf3 e6 4. Nbd2 Nf6 5. Qc2 Nbd7 6. g3 Be7 7. Bg2 O-O 8. O-O
b6 9. e4 dxe4 10. Nxe4 Bb7 11. Rd1 Qc8 12. Bf4 Nxe4 13. Qxe4 c5 14. d5 Re8 15.
Qc2 exd5 16. cxd5 Bf6 17. a4 h6 18. a5 Ba6 19. Be3 Qd8 20. Nd2 bxa5 21. Ne4 Rb8
22. Nxf6+ Qxf6 23. b3 c4 24. bxc4 Rb2 25. Qc1 Re2 26. Bd4 Qf5 27. c5 Rc2 28.
Qf4 Qxf4 29. gxf4 Nxc5 30. Be3 Nb3 31. Ra3 Rb2 32. Bf1 Bxf1 33. Kxf1 Rxe3 34.
fxe3 Nd2+ 35. Rxd2 Rxd2 36. Rxa5 f5 37. h4 Kf7 38. Ke1 Rh2 39. Rxa7+ Kf6 40.
Ra6+ Kf7 41. Ra7+ Kf6 42. d6 Ke6 43. Rxg7 Kxd6 44. Rg6+ Kd5 45. Rxh6 Ke4 46.
Re6+ Kf3 47. Re5 Rxh4 48. Kd2 Rh8 49. Kd3 Rd8+ 50. Kc4 Rd7 51. Rd5 Re7 52. Rxf5
Rxe3 53. Kd5 Re4 54. Rh5 Rxf4 1/2-1/2

[Event "2BLN 1819 SK Norderstedt - SV Glückauf"]
[Site "?"]
[Date "2018.12.16"]
[Round "4.7"]
[White "Szadkowski, Kamil"]
[Black "Michna, Christian"]
[Result "1/2-1/2"]
[WhiteElo "2294"]
[BlackElo "2241"]
[PlyCount "49"]
[EventDate "2018.??.??"]

1. e4 e6 2. d4 d5 3. Nd2 Nc6 4. Ngf3 Nf6 5. e5 Nd7 6. c3 f6 7. Bb5 fxe5 8. dxe5
Be7 9. O-O O-O 10. Re1 a5 11. Nf1 Nc5 12. Ng3 Bd7 13. Bf1 Be8 14. Be3 Bg6 15.
c4 Nb4 16. Nd4 Qd7 17. Qg4 Nbd3 18. Bxd3 Nxd3 19. Qxe6+ Qxe6 20. Nxe6 Nxe1 21.
Nxf8 Rxf8 22. Rxe1 dxc4 23. f4 Rd8 24. f5 Be8 25. Ne4 {(=)} 1/2-1/2

[Event "2BLN 1819 SK Norderstedt - SV Glückauf"]
[Site "?"]
[Date "2018.12.16"]
[Round "4.8"]
[White "Kopylov, Daniel"]
[Black "Wlodarczyk, Oskar"]
[Result "1/2-1/2"]
[WhiteElo "2239"]
[BlackElo "2249"]
[PlyCount "71"]
[EventDate "2018.??.??"]

1. e4 e5 2. Nf3 Nf6 3. Nxe5 d6 4. Nf3 Nxe4 5. Nc3 Nf6 6. d4 d5 7. Bd3 Be7 8. h3
O-O 9. O-O Re8 10. Bf4 c6 11. Re1 Nbd7 12. Qd2 Nf8 13. Re2 Ne6 14. Be5 Nd7 15.
Bg3 Bf6 16. Rae1 Ndf8 17. Nd1 Bd7 18. c3 Ng6 19. Qc2 c5 20. dxc5 Nxc5 21. Rxe8+
Bxe8 22. Ne3 Bc6 23. Ng4 Nxd3 24. Qxd3 h5 25. Nxf6+ Qxf6 26. Qd4 Qxd4 27. Nxd4
Re8 28. Kf1 Rxe1+ 29. Kxe1 Bd7 30. Kd2 f6 31. Nb3 h4 32. Bb8 a6 33. Ke3 Ne7 34.
Nd4 Kf7 35. Bd6 Nf5+ 36. Nxf5 1/2-1/2

[Event "2BLN 1819 Hamburger SK II - FC St. Paul"]
[Site "?"]
[Date "2018.12.15"]
[Round "4.1"]
[White "Feuerstack, Aljoscha"]
[Black "Souleidis, Georgios"]
[Result "1/2-1/2"]
[WhiteElo "2456"]
[BlackElo "2424"]
[PlyCount "49"]
[EventDate "2018.??.??"]

1. e4 e5 2. Nf3 Nf6 3. Nc3 Bb4 4. Nxe5 O-O 5. Be2 Re8 6. Nd3 Bxc3 7. dxc3 Nxe4
8. O-O c6 9. c4 d6 10. Bf3 Nd7 11. Re1 Ndf6 12. Bxe4 Rxe4 13. Bg5 Rxe1+ 14.
Qxe1 Bf5 15. Qb4 b6 16. Qa4 c5 17. Qc6 Be4 18. Qxe4 Nxe4 19. Bxd8 Rxd8 20. Nf4
Nf6 21. a4 g5 22. Ne2 d5 23. cxd5 Rxd5 24. Kf1 Kg7 25. a5 {(=)} 1/2-1/2

[Event "2BLN 1819 Hamburger SK II - FC St. Paul"]
[Site "?"]
[Date "2018.12.15"]
[Round "4.2"]
[White "Bracker, Frank"]
[Black "Jahncke, Giso"]
[Result "0-1"]
[WhiteElo "2398"]
[BlackElo "2356"]
[PlyCount "98"]
[EventDate "2018.??.??"]

1. Nf3 d5 2. g3 g6 3. Bg2 Bg7 4. d4 Nf6 5. O-O O-O 6. c4 c6 7. cxd5 cxd5 8. Nc3
Ne4 9. Ne5 Nxc3 10. bxc3 Nc6 11. Nxc6 bxc6 12. e4 Ba6 13. Re1 e6 14. Bf4 Re8
15. Qd2 Qa5 16. h4 Bc4 17. Bd6 dxe4 18. Bxe4 Rac8 19. Qg5 Bd5 20. Bb4 Qa6 21.
Bc2 e5 22. Qe3 Re6 23. Qd2 exd4 24. Rxe6 Bxe6 25. cxd4 c5 26. Bd3 Qa4 27. Bc3
Bxd4 28. Bf1 Bxc3 29. Qxc3 h5 30. a3 Qd4 31. Qxd4 cxd4 32. Rd1 Rc3 33. f3 Kg7
34. Kf2 Kf6 35. Rb1 Rc8 36. Bd3 Rc3 37. Be4 Rxa3 38. Rb4 Ke5 39. Ba8 Ra2+ 40.
Ke1 d3 41. Be4 d2+ 42. Kd1 a5 43. Rb5+ Kd4 44. Bb1 Ra3 45. Kxd2 Rxf3 46. Rxa5
Rxg3 47. Ke2 Bc4+ 48. Kf2 Rb3 49. Ra1 Rh3 0-1

[Event "2BLN 1819 Hamburger SK II - FC St. Paul"]
[Site "?"]
[Date "2018.12.15"]
[Round "4.3"]
[White "Krause, Jonah"]
[Black "Colpe, Malte"]
[Result "1/2-1/2"]
[WhiteElo "2314"]
[BlackElo "2375"]
[PlyCount "94"]
[EventDate "2018.??.??"]

1. Nf3 d5 2. d4 Nf6 3. c4 e6 4. g3 dxc4 5. Bg2 Bd7 6. Ne5 Bc6 7. Nxc6 Nxc6 8.
O-O Qd7 9. e3 Rd8 10. Qe2 e5 11. Qxc4 exd4 12. exd4 Nxd4 13. Nc3 Be7 14. Be3 c5
15. Rfd1 O-O 16. Bxd4 cxd4 17. Ne2 d3 18. Nc1 b5 19. Qf4 d2 20. Nb3 Qg4 21.
Qxg4 Nxg4 22. Nxd2 Bc5 23. Ne4 Bb6 24. h3 f5 25. hxg4 fxe4 26. Rxd8 Rxd8 27.
Bxe4 Rd2 28. Rc1 Rxf2 29. Kh1 Rxb2 30. Rc8+ Kf7 31. Bxh7 Kf6 32. Bg8 Ke7 33.
Bb3 Rd2 34. Rg8 Bd4 35. Rb8 Bb6 36. Rg8 Kf6 37. Rf8+ Ke5 38. Rf5+ Ke4 39. Rxb5
Kf3 40. Rd5 Rb2 41. Rd3+ Be3 42. Rc3 g5 43. Bd1+ Ke4 44. Bc2+ Kf3 45. Bd1+ Kf2
46. Rc2+ Rxc2 47. Bxc2 Kxg3 {(=)} 1/2-1/2

[Event "2BLN 1819 Hamburger SK II - FC St. Paul"]
[Site "?"]
[Date "2018.12.15"]
[Round "4.4"]
[White "Voigt, Roland"]
[Black "Voigt, Martin"]
[Result "1/2-1/2"]
[WhiteElo "2447"]
[BlackElo "2338"]
[PlyCount "111"]
[EventDate "2018.??.??"]

1. c4 e5 2. g3 Nc6 3. Bg2 Nf6 4. Nc3 Bc5 5. e3 O-O 6. Nge2 d6 7. O-O a6 8. d4
Ba7 9. b3 h6 10. Bb2 exd4 11. Nxd4 Nxd4 12. exd4 Rb8 13. a4 Bg4 14. Qd2 Qd7 15.
Rfe1 Bh3 16. Bh1 c6 17. Ne2 d5 18. Nf4 Bf5 19. cxd5 cxd5 20. Nd3 Be4 21. Nc5
Bxc5 22. dxc5 Bxh1 23. Kxh1 Qf5 24. Kg2 d4 25. Qxd4 Rbd8 26. Qf4 Qxf4 27. gxf4
Nd5 28. Be5 Nb4 29. Bd6 Nc2 30. Bxf8 Nxe1+ 31. Rxe1 Kxf8 32. Re4 Rd5 33. Rb4
Rxc5 34. Rxb7 a5 35. Kf3 g6 36. Rb5 Rc3+ 37. Ke4 h5 38. h4 Kg7 39. f5 Rh3 40.
fxg6 Rxh4+ 41. f4 Rh3 42. gxf7 Kxf7 43. Kf5 Rg3 44. Rxa5 h4 45. Rc5 h3 46. Rc7+
Kg8 47. Rc2 Rxb3 48. a5 Rb7 49. a6 Ra7 50. Ra2 h2 51. Rg2+ Kf8 52. Rxh2 Rxa6
53. Kg5 Rb6 54. f5 Ra6 55. Re2 Rb6 56. Re1 {(=)} 1/2-1/2

[Event "2BLN 1819 Hamburger SK II - FC St. Paul"]
[Site "?"]
[Date "2018.12.15"]
[Round "4.5"]
[White "Mueller, Fabian"]
[Black "Meissner, Felix"]
[Result "1/2-1/2"]
[WhiteElo "2343"]
[BlackElo "2346"]
[PlyCount "113"]
[EventDate "2018.??.??"]

1. d4 Nf6 2. c4 e6 3. Nf3 d5 4. Nc3 Be7 5. Bg5 O-O 6. e3 a6 7. Qc2 Nbd7 8. cxd5
exd5 9. Be2 c6 10. O-O Re8 11. Rad1 Qa5 12. a3 Bd6 13. Bd3 h6 14. Bh4 Qc7 15.
Rfe1 Ng4 16. h3 Ngf6 17. e4 dxe4 18. Nxe4 Nxe4 19. Bxe4 Rf8 20. Bd3 Nb6 21. Ne5
Nd5 22. Bc4 Be6 23. Ba2 Rae8 24. Bb1 f5 25. Ng6 Rf7 26. Re2 Kh7 27. Ne5 Nf4 28.
Ree1 Bxe5 29. dxe5 Bd5 30. Bg3 Ne6 31. f3 g6 32. Bf2 Rd7 33. Qa4 Kg7 34. Qh4
Qd8 35. Qb4 Qe7 36. Qc3 Kh7 37. Rd2 Qf7 38. Red1 Nc7 39. h4 h5 40. Re1 Ne6 41.
Bc2 Qe7 42. Kh2 Red8 43. Red1 Nc7 44. Kg1 Nb5 45. Qe3 Be6 46. Rxd7 Rxd7 47.
Rxd7 Qxd7 48. Qf4 Nc7 49. Be3 Qg7 50. Qd4 Bd5 51. Bd2 Ne6 52. Qe3 Kg8 53. Bc3
Qe7 54. Qh6 Qg7 55. Qe3 Qe7 56. Qh6 Qg7 57. Qe3 1/2-1/2

[Event "2BLN 1819 Hamburger SK II - FC St. Paul"]
[Site "?"]
[Date "2018.12.15"]
[Round "4.6"]
[White "Groetzbach, Julian"]
[Black "Pajeken, Wolfgang"]
[Result "1-0"]
[WhiteElo "2247"]
[BlackElo "2257"]
[PlyCount "89"]
[EventDate "2018.??.??"]

1. e4 e5 2. Nf3 Nc6 3. Bb5 a6 4. Ba4 Nf6 5. O-O Be7 6. Re1 b5 7. Bb3 d6 8. c3
O-O 9. a4 b4 10. a5 Rb8 11. Bc4 Bb7 12. d3 h6 13. Nbd2 d5 14. exd5 Nxd5 15. Qc2
Nf6 16. Ne4 Nxe4 17. dxe4 bxc3 18. bxc3 Bc5 19. Qe2 Qc8 20. Nh4 Kh7 21. Qh5 Qe8
22. Ra2 Bc8 23. Nf5 f6 24. Qxe8 Rxe8 25. Be3 Bf8 26. Rd1 Be6 27. Bxe6 Rxe6 28.
Kf1 Ne7 29. Nxe7 Bxe7 30. Rd7 Bd6 31. Rd2 Ree8 32. Ke2 Rb5 33. Rd5 Rb2+ 34. Kd3
Reb8 35. Ba7 R8b7 36. Be3 Rb8 37. Ba7 R8b7 38. Bb6 h5 39. R5xd6 R7xb6 40. axb6
cxb6 41. Re6 a5 42. c4 a4 43. c5 a3 44. Rb7 Rb5 45. Kc4 1-0

[Event "2BLN 1819 Hamburger SK II - FC St. Paul"]
[Site "?"]
[Date "2018.12.15"]
[Round "4.7"]
[White "Stenner, Patrick"]
[Black "Sehner, Norbert"]
[Result "1/2-1/2"]
[WhiteElo "2242"]
[BlackElo "2327"]
[PlyCount "113"]
[EventDate "2018.??.??"]

1. e4 c5 2. Nc3 Nc6 3. Bb5 Nd4 4. Nf3 Nxb5 5. Nxb5 d6 6. d4 a6 7. Nc3 Bg4 8.
Be3 e6 9. dxc5 dxc5 10. Qxd8+ Rxd8 11. Ne5 Bh5 12. g4 Bg6 13. h4 f6 14. h5 Bxh5
15. Rxh5 fxe5 16. Ke2 g6 17. Rxe5 Kf7 18. Na4 Bd6 19. Rxc5 Bxc5 20. Nxc5 Nf6
21. Nxb7 Rb8 22. Nd6+ Ke7 23. Bc5 Nxg4 24. f4 e5 25. Rd1 Ke6 26. f5+ Kf6 27. b4
h5 28. a4 Rh7 29. fxg6 Kxg6 30. Nf5 Kg5 31. Kf3 Rc7 32. a5 Rbc8 33. Rd5 h4 34.
c4 h3 35. Rd1 h2 36. Kg3 Rxc5 37. bxc5 Rxc5 38. Nh4 Rxc4 39. Nf3+ Kh5 40. Nxh2
Nxh2 41. Kxh2 Kg4 42. Rd6 Rxe4 43. Kg2 Ra4 44. Rxa6 Ra3 45. Kf1 Kf3 46. Rf6+
Ke3 47. a6 e4 48. Rd6 Ra1+ 49. Kg2 Ke2 50. Rb6 Ra2 51. Re6 e3 52. Kg3 Ra3 53.
Rb6 Ra2 54. Re6 Kd2 55. Kf3 Ra3 56. a7 Rxa7 57. Rd6+ 1/2-1/2

[Event "2BLN 1819 Hamburger SK II - FC St. Paul"]
[Site "?"]
[Date "2018.12.15"]
[Round "4.8"]
[White "Gruenter, Martin"]
[Black "Priebe, Jan"]
[Result "1-0"]
[WhiteElo "2195"]
[BlackElo "2254"]
[PlyCount "47"]
[EventDate "2018.??.??"]

1. e4 c5 2. c3 d5 3. exd5 Qxd5 4. d4 Nf6 5. Nf3 Bg4 6. Nbd2 Bc8 7. Bc4 Qd6 8.
Nb3 cxd4 9. Nbxd4 a6 10. Qa4+ Nbd7 11. Be3 e6 12. O-O-O Nd5 13. Bxd5 Qxd5 14.
Nxe6 Qxe6 15. Rhe1 b5 16. Qh4 Be7 17. Bg5 Nf6 18. Rxe6 Bxe6 19. Nd4 O-O 20. Nc6
Bd8 21. Nxd8 Rfxd8 22. Rxd8+ Rxd8 23. Bxf6 gxf6 24. Qxf6 1-0

[Event "2BLN 1819 SC Rotation Pankow - SV Linge"]
[Site "?"]
[Date "2018.12.16"]
[Round "4.1"]
[White "Perunovic, Milos"]
[Black "Guth, Thomas"]
[Result "1-0"]
[WhiteElo "2597"]
[BlackElo "2294"]
[PlyCount "59"]
[EventDate "2018.??.??"]

1. e4 e6 2. d4 d5 3. Nc3 Bb4 4. e5 Ne7 5. a3 Bxc3+ 6. bxc3 c5 7. Qg4 Qc7 8. Bd3
cxd4 9. Ne2 dxc3 10. Qxg7 Rg8 11. Qxh7 Nbc6 12. Bf4 Bd7 13. O-O O-O-O 14. Bg3
Rdf8 15. Rab1 Ng6 16. Nxc3 Ngxe5 17. Bb5 f6 18. Qh4 Qa5 19. Rb3 Rh8 20. Qf4 a6
21. Be2 Nd8 22. Rfb1 Qc5 23. Na4 Bxa4 24. Qxa4 Rf7 25. Bxa6 Kb8 26. Rb5 Qc3 27.
Rb6 Rc7 28. Bd3 Kc8 29. Rd6 Kb8 30. Ra6 1-0

[Event "2BLN 1819 SC Rotation Pankow - SV Linge"]
[Site "?"]
[Date "2018.12.16"]
[Round "4.2"]
[White "Dauth, Benjamin"]
[Black "Gajek, Radoslaw"]
[Result "0-1"]
[WhiteElo "2283"]
[BlackElo "2475"]
[PlyCount "52"]
[EventDate "2018.??.??"]

1. e4 e6 2. d4 d5 3. exd5 exd5 4. Bd3 Nc6 5. c3 Bd6 6. Nf3 Nge7 7. Nbd2 O-O 8.
O-O Bf5 9. Bxf5 Nxf5 10. Qb3 Rb8 11. Re1 Nce7 12. Nf1 Ng6 13. Ne3 Nfe7 14. g3
c6 15. h4 Re8 16. Ng4 Qd7 17. Nfh2 h5 18. Ne3 Nxh4 19. Qd1 Qh3 20. Qxh5 Bxg3
21. fxg3 Qxg3+ 22. Kf1 Qxh2 23. Re2 Qh1+ 24. Kf2 Neg6 25. Nf1 Qg2+ 26. Ke1 Nf3+
0-1

[Event "2BLN 1819 SC Rotation Pankow - SV Linge"]
[Site "?"]
[Date "2018.12.16"]
[Round "4.3"]
[White "Ivanisevic, Ivan"]
[Black "Rietze, Clemens"]
[Result "1-0"]
[WhiteElo "2603"]
[BlackElo "2275"]
[PlyCount "51"]
[EventDate "2018.??.??"]

1. c4 e6 2. Nc3 d5 3. d4 Bb4 4. a3 Bxc3+ 5. bxc3 Nf6 6. cxd5 exd5 7. e3 O-O 8.
Bd3 c5 9. Ne2 b6 10. O-O Ba6 11. f3 Re8 12. Ng3 Qc8 13. Nf5 Bxd3 14. Qxd3 Qa6
15. Qd2 Nc6 16. e4 Ne7 17. Nxg7 Ng6 18. Nxe8 Rxe8 19. Qg5 b5 20. e5 Nd7 21. f4
Kh8 22. f5 Ngf8 23. Rf3 f6 24. Qh5 Re7 25. e6 Nb6 26. Bh6 1-0